[Event "HUN-chT2 Szechenyi 0506"]
[Site "Hungary"]
[Date "2005.12.04"]
[Round "5"]
[White "Zorkoczy, Gyorgy"]
[Black "Deak, Laszlo"]
[Result "1-0"]
[WhiteElo "2130"]
[BlackElo "2110"]
[PlyCount "89"]
[EventDate "2005.10.16"]
[EventType "team"]
[EventRounds "11"]
[EventCountry "HUN"]
[SourceTitle "EXT 2009"]
[Source "ChessBase"]
[SourceDate "2008.11.26"]
[SourceVersion "1"]
[SourceVersionDate "2008.11.26"]
[SourceQuality "1"]
[WhiteTeam "Flesch"]
[BlackTeam "Zala Volan"]
[WhiteTeamCountry "HUN"]
[BlackTeamCountry "HUN"]

1. e4 e5 2. Nf3 d6 3. Bc4 Be6 4. Bxe6 fxe6 5. d4 Nc6 6. dxe5 dxe5 7. Bd2 Bd6 8. c3 Qd7 9. Be3 Nf6 10. Nbd2 0-0 11. Qe2 a6 12. 0-0 Qe8 13. Bg5 Qg6 14. Bxf6 Rxf6 15. Nc4 Raf8 16. Nxd6 cxd6 17. Nd2 d5 18. f3 Qh5 19. Rf2 Qg5 20. Rd1 h5 21. Nb3 Ne7 22. Nc5 Rc8 23. Nd7 Rf7 24. exd5 Nxd5 25. Qxe5 Qg6 26. c4 Rxc4 27. Qb8+ Kh7 28. Ne5 Ne3 29. Nxg6 Nxd1 30. Ne5 Rc1 31. Rf1 Rfc7 32. h3 h4 33. Qd8 Ne3 34. Rxc1 Rxc1+ 35. Kf2 Nf5 36. Qd2 Rc5 37. f4 Rd5 38. Qc2 Rd4 39. Kf3 g5 40. Qc7+ Kh6 41. Nf7+ Kh5 42. fxg5 Rd3+ 43. Ke2 Rg3 44. Kf2 b5 45. Qe5 1-0

[Event "HUN-chT2 Szechenyi 0506"]
[Site "Hungary"]
[Date "2005.11.13"]
[Round "3"]
[White "Aczel, Gergely"]
[Black "Zorkoczy, Gyorgy"]
[Result "0-1"]
[WhiteElo "2149"]
[BlackElo "2130"]
[PlyCount "102"]
[EventDate "2005.10.16"]
[EventType "team"]
[EventRounds "11"]
[EventCountry "HUN"]
[SourceTitle "EXT 2009"]
[Source "ChessBase"]
[SourceDate "2008.11.26"]
[SourceVersion "1"]
[SourceVersionDate "2008.11.26"]
[SourceQuality "1"]
[WhiteTeam "HEMO"]
[BlackTeam "Flesch"]
[WhiteTeamCountry "HUN"]
[BlackTeamCountry "HUN"]

1. d4 Nf6 2. c4 e6 3. Nc3 Bb4 4. a3 Bxc3+ 5. bxc3 h6 6. f3 d5 7. cxd5 exd5 8. e3 0-0 9. Bd3 c5 10. Ne2 Re8 11. 0-0 c4 12. Bc2 Nc6 13. Ng3 h5 14. Re1 h4 15. Nh1 Be6 16. Nf2 Qd7 17. e4 Nh7 18. h3 f6 19. Bf4 g5 20. Bh2 Kg7 21. Qd2 f5 22. exf5 Bxf5 23. Ng4 Kg6 24. Ba4 Bxg4 25. hxg4 Rxe1+ 26. Rxe1 Re8 27. Bc2+ Kh6 28. Kf2 Rxe1 29. Qxe1 Qe7 30. Bf5 Qxe1+ 31. Kxe1 Nf6 32. Bc8 b6 33. Bb7 Na5 34. Ba8 Kg6 35. Be5 Kf7 36. Kf2 Ke6 37. Bxf6 Kxf6 38. Bxd5 Ke7 39. g3 hxg3+ 40. Kxg3 Kf6 41. f4 b5 42. f5 Nb3 43. a4 bxa4 44. Bxc4 Nd2 45. Bg8 Ne4+ 46. Kf3 Nxc3 47. Ke3 a3 48. Kd3 a2 49. Bxa2 Nxa2 50. Kc4 a5 51. Kb5 Nb4 0-1